[Event "Bergen Grand Prix"]
[Site "Bergen"]
[Date "2017.11.19"]
[Round "5"]
[White "Flatebo, Hallvard Haug"]
[Black "Ronnestad, Liam Jansson"]
[Result "1/2-1/2"]
[WhiteElo "1551"]
[BlackElo "1542"]
[PlyCount "65"]
[EventDate "2017.11.17"]
[EventType "swiss"]
[EventRounds "5"]
[EventCountry "NOR"]
[SourceTitle "EXT 2024"]
[Source "ChessBase"]
[SourceDate "2023.10.10"]
[SourceVersion "1"]
[SourceVersionDate "2023.10.10"]
[SourceQuality "1"]

1. e4 c5 2. Nf3 g6 3. c3 Bg7 4. d4 cxd4 5. cxd4 d5 6. e5 Bg4 7. Bb5+ Nc6 8. Bxc6+ bxc6 9. 0-0 Nh6 10. Nbd2 0-0 11. h3 Bxf3 12. Nxf3 f6 13. Re1 Qc7 14. Bf4 fxe5 15. Bxh6 Bxh6 16. Nxe5 Qd6 17. Qe2 Rab8 18. Nd3 Bg7 19. Qxe7 Qxe7 20. Rxe7 Bxd4 21. Rc1 Rbc8 22. b4 Rf7 23. Re2 Kf8 24. Rec2 Rfc7 25. Nc5 Bxc5 26. Rxc5 Ke7 27. Kf1 Kd6 28. Ke2 Rb8 29. a3 Re8+ 30. Kd3 Rf8 31. R1c2 Rf6 32. f3 a6 33. Ra5 1/2-1/2

[Event "Bergen Grand Prix"]
[Site "Bergen"]
[Date "2017.11.18"]
[Round "2"]
[White "Fossan, Aleksander"]
[Black "Ronnestad, Liam Jansson"]
[Result "1-0"]
[WhiteElo "1863"]
[BlackElo "1542"]
[PlyCount "73"]
[EventDate "2017.11.17"]
[EventType "swiss"]
[EventRounds "5"]
[EventCountry "NOR"]
[SourceTitle "EXT 2024"]
[Source "ChessBase"]
[SourceDate "2023.10.10"]
[SourceVersion "1"]
[SourceVersionDate "2023.10.10"]
[SourceQuality "1"]

1. e4 c5 2. c3 g6 3. d4 cxd4 4. cxd4 d5 5. exd5 Nf6 6. Nc3 Nxd5 7. Qb3 Nb6 8. d5 Bg7 9. Be3 N6d7 10. Rd1 0-0 11. Nf3 b6 12. Be2 Bb7 13. 0-0 Na6 14. Nd4 Nac5 15. Qa3 Nf6 16. Nc6 Bxc6 17. dxc6 Qc7 18. Bxc5 bxc5 19. Qxc5 a6 20. Nd5 Nxd5 21. Rxd5 Rac8 22. Rc1 Bxb2 23. Rc2 Bf6 24. Bxa6 Rcd8 25. Rcd2 e6 26. Rd7 Rxd7 27. Rxd7 Qb8 28. Rb7 Qd8 29. Rd7 Qb8 30. Bb7 Rc8 31. a4 Kg7 32. a5 Rc7 33. Rd1 Be7 34. Qe5+ Bf6 35. Qb5 Be7 36. a6 Qa7 37. Qe5+ 1-0

[Event "Helsingor Xtracon op"]
[Site "Helsingor"]
[Date "2017.07.28"]
[Round "8"]
[White "Ronnestad, Liam Jansson"]
[Black "Gelders, Eline"]
[Result "1-0"]
[WhiteElo "1569"]
[BlackElo "1298"]
[PlyCount "31"]
[EventDate "2017.07.22"]
[EventType "swiss"]
[EventRounds "10"]
[EventCountry "DEN"]
[SourceTitle "CBM 179 Extra"]
[Source "ChessBase"]
[SourceDate "2017.08.23"]
[SourceVersion "1"]
[SourceVersionDate "2017.08.23"]
[SourceQuality "1"]

1. d4 d5 2. c4 dxc4 3. Nf3 Nf6 4. e3 Nc6 5. Bxc4 Bg4 6. Nc3 g6 7. h3 Na5 8. Bxf7+ Kxf7 9. hxg4 Bg7 10. Ng5+ Ke8 11. Ne6 Qd7 12. Nxg7+ Kf7 13. Nh5 gxh5 14. g5 Ne8 15. Qxh5+ Kf8 16. g6 1-0

[Event "Helsingor Xtracon op"]
[Site "Helsingor"]
[Date "2017.07.23"]
[Round "3"]
[White "Ronnestad, Liam Jansson"]
[Black "Nielsen, John Bauneborg"]
[Result "0-1"]
[WhiteElo "1569"]
[BlackElo "2125"]
[PlyCount "68"]
[EventDate "2017.07.22"]
[EventType "swiss"]
[EventRounds "10"]
[EventCountry "DEN"]
[SourceTitle "CBM 179 Extra"]
[Source "ChessBase"]
[SourceDate "2017.08.23"]
[SourceVersion "1"]
[SourceVersionDate "2017.08.23"]
[SourceQuality "1"]

1. d4 f5 2. c4 Nf6 3. Nf3 g6 4. Nc3 Bg7 5. Bf4 d6 6. e3 c6 7. Be2 0-0 8. h3 h6 9. 0-0 Nbd7 10. Qc2 Qe8 11. d5 Nc5 12. Rac1 Nfe4 13. Nxe4 Nxe4 14. Nd2 Nxd2 15. Qxd2 c5 16. b3 Bd7 17. a4 b6 18. Qd1 a6 19. g4 g5 20. Bh2 f4 21. exf4 gxf4 22. Qd3 Qf7 23. Qe4 Be5 24. Bd3 Rab8 25. Kh1 b5 26. axb5 axb5 27. Rg1 bxc4 28. bxc4 Rb3 29. g5 h5 30. g6 Qg7 31. Rg5 Qh6 32. Rcg1 Rf6 33. h4 Bg4 34. Bc2 Bf3+ 0-1

[Event "Helsingor Xtracon op"]
[Site "Helsingor"]
[Date "2016.07.23"]
[Round "1"]
[White "Ronnestad, Liam Jansson"]
[Black "Olesen, Poul Erik Norgaard"]
[Result "0-1"]
[WhiteElo "1502"]
[BlackElo "2020"]
[PlyCount "84"]
[EventDate "2016.07.23"]
[EventType "swiss"]
[EventRounds "10"]
[EventCountry "DEN"]
[SourceTitle "CBM 173 Extra"]
[Source "ChessBase"]
[SourceDate "2016.08.29"]
[SourceVersion "1"]
[SourceVersionDate "2016.08.29"]
[SourceQuality "1"]

1. e4 g6 2. d4 Bg7 3. Nf3 d6 4. Nc3 Nf6 5. Bc4 Nxe4 6. Bxf7+ Kxf7 7. Nxe4 Rf8 8. h4 Kg8 9. h5 Bf5 10. Ng3 Nd7 11. Nxf5 gxf5 12. h6 Bh8 13. c3 Nb6 14. Nh4 e6 15. g4 Bf6 16. gxf5 Bxh4 17. Qg4+ Bg5 18. Bxg5 exf5 19. Qg2 Qe8+ 20. Be3+ Qg6 21. Qxg6+ hxg6 22. h7+ Kf7 23. 0-0-0 Nd5 24. Bg5 Rae8 25. c4 Nf6 26. Bxf6 Kxf6 27. Rh2 Rh8 28. Rdh1 Re4 29. Rh4 Rxh4 30. Rxh4 Kg7 31. Kd2 Rxh7 32. Rxh7+ Kxh7 33. Ke3 Kg7 34. f4 Kf6 35. b3 g5 36. b4 g4 37. a3 Ke6 38. d5+ Kd7 39. Kd4 c6 40. a4 Kc7 41. a5 cxd5 42. cxd5 b6 0-1

[Event "Hordaland-ch NGP"]
[Site "Bergen"]
[Date "2016.05.29"]
[Round "4"]
[White "Opdahl, Jens Christian L"]
[Black "Ronnestad, Liam Jansson"]
[Result "0-1"]
[WhiteElo "1172"]
[BlackElo "1240"]
[PlyCount "166"]
[EventDate "2016.05.27"]
[EventType "swiss"]
[EventRounds "5"]
[EventCountry "NOR"]
[SourceTitle "EXT 2024"]
[Source "ChessBase"]
[SourceDate "2023.10.10"]
[SourceVersion "1"]
[SourceVersionDate "2023.10.10"]
[SourceQuality "1"]

1. e4 c5 2. Nc3 g6 3. f4 Bg7 4. Nf3 Nc6 5. Bc4 e6 6. d3 Nge7 7. a3 d5 8. Ba2 dxe4 9. Nxe4 b6 10. 0-0 0-0 11. Rb1 Qc7 12. Qe1 Bb7 13. Neg5 h6 14. Ne4 Rfd8 15. b4 cxb4 16. axb4 Nd4 17. Be3 Nxf3+ 18. gxf3 Qxc2 19. Bc4 Bxe4 20. fxe4 Qc3 21. Bd2 Qd4+ 22. Be3 Qd7 23. b5 Bd4 24. Bxd4 Qxd4+ 25. Qf2 Kg7 26. Qxd4+ Rxd4 27. h4 h5 28. Kf2 Ng8 29. Ke3 Rad8 30. Ra1 R4d7 31. Ra2 Rc8 32. f5 exf5 33. exf5 Re8+ 34. Kf4 Nh6 35. fxg6 fxg6 36. Rh1 Ree7 37. Rg2 Rd4+ 38. Kf3 Nf5 39. Rgh2 Re3+ 40. Kg2 Rf4 41. Ra1 Re7 42. Rah1 Re2+ 43. Kg1 Rxh2 44. Rxh2 Rg4+ 45. Kf2 Rxh4 46. Rg2 Nd6 47. Rg1 Nxc4 48. dxc4 Rxc4 49. Rd1 Rf4+ 50. Kg3 g5 51. Rd7+ Rf7 52. Rd5 Kg6 53. Rd6+ Rf6 54. Rd7 h4+ 55. Kg2 g4 56. Rxa7 h3+ 57. Kg3 Kg5 58. Rg7+ Rg6 59. Rd7 Kf5 60. Rc7 Ke5 61. Re7+ Kd5 62. Re1 Kc5 63. Re5+ Kd4 64. Kh2 g3+ 65. Kh1 h2 66. Re2 Rf6 67. Re1 Rf2 68. Rd1+ Ke3 69. Ra1 Re2 70. Ra3+ Kf2 71. Rxg3 Re5 72. Rg2+ Kf3 73. Kxh2 Re2 74. Rxe2 Kxe2 75. Kg2 Kd3 76. Kf3 Kc4 77. Ke3 Kxb5 78. Kd3 Ka4 79. Kc2 Ka3 80. Kb1 b5 81. Ka1 Kb3 82. Kb1 b4 83. Ka1 Kc2 0-1

[Event "Knarrevik Winter 1st"]
[Site "Knarrevik"]
[Date "2015.03.01"]
[Round "5"]
[White "Hina, Ariza"]
[Black "Ronnestad, Liam Jansson"]
[Result "1-0"]
[WhiteElo "733"]
[BlackElo "766"]
[PlyCount "51"]
[EventDate "2015.02.27"]
[EventType "swiss"]
[EventRounds "5"]
[EventCountry "NOR"]
[SourceTitle "EXT 2024"]
[Source "ChessBase"]
[SourceDate "2023.10.10"]
[SourceVersion "1"]
[SourceVersionDate "2023.10.10"]
[SourceQuality "1"]

1. e4 c5 2. Nf3 g6 3. Nc3 Bg7 4. Bc4 Nc6 5. d3 Nf6 6. Be3 b6 7. Qd2 Ng8 8. 0-0 Nd4 9. Ne1 e6 10. Rb1 Bb7 11. Ne2 d5 12. Bxd4 cxd4 13. Bb5+ Ke7 14. Qb4+ Qd6 15. Qxd6+ Kxd6 16. Nf3 dxe4 17. dxe4 Ke7 18. Nexd4 Bxe4 19. Rfe1 Bxf3 20. Nxf3 Nf6 21. Rbd1 Rhd8 22. Ne5 Rac8 23. Nc6+ Rxc6 24. Bxc6 Rc8 25. Ba4 Nd5 26. Rxd5 1-0